ბათუმის შოთა რუსთაველის სახელმწიფო უნივერსიტეტის ბიბლიოთეკა

Emergency Medicine: (ბიბ.ჩანაწერი № 61662)

000 -LEADER
fixed length control field 00854nam a22002177a 4500
005 - DATE AND TIME OF LATEST TRANSACTION
control field 20240411170837.0
008 - FIXED-LENGTH DATA ELEMENTS--GENERAL INFORMATION
fixed length control field 240411s2004 enk||||| |||| 00| 0 eng d
020 ## - INTERNATIONAL STANDARD BOOK NUMBER
International Standard Book Number 9780071388757x
041 ## - LANGUAGE CODE
Language code of text/sound track or separate title eng
080 ## - UNIVERSAL DECIMAL CLASSIFICATION NUMBER
Universal Decimal Classification number 616 E-50
245 ## - TITLE STATEMENT
Title Emergency Medicine:
Remainder of title A Comprehensive Study Guide /
Statement of responsibility, etc. Editors Judith E Tintinalli, Md. Kelen, Gabor D., J. Stephan Stapczynski
260 ## - PUBLICATION, DISTRIBUTION, ETC.
Place of publication, distribution, etc. 6th edition
264 ## - PRODUCTION, PUBLICATION, DISTRIBUTION, MANUFACTURE, AND COPYRIGHT NOTICE
Place of production, publication, distribution, manufacture New York :
Name of producer, publisher, distributor, manufacturer McGraw-Hill,
Date of production, publication, distribution, manufacture, or copyright notice 2004.
300 ## - PHYSICAL DESCRIPTION
Extent 2043 p.:
Other physical details ill.;
Dimensions 28 cm.
653 ## - INDEX TERM--UNCONTROLLED
keyword გადაუდებელი მედიცინა
700 ## - ADDED ENTRY--PERSONAL NAME
Personal name Tintinalli,Judith E
9 (RLIN) 21771
Relator term რედაქტორი
700 ## - ADDED ENTRY--PERSONAL NAME
Relator term რედაქტორი
9 (RLIN) 21774
700 ## - ADDED ENTRY--PERSONAL NAME
Personal name Kelen, Gabor D.
9 (RLIN) 21772
Relator term რედაქტორი
700 ## - ADDED ENTRY--PERSONAL NAME
Personal name Stapczynski, J. Stephan
9 (RLIN) 21773
Relator term რედაქტორი
942 ## - ADDED ENTRY ELEMENTS (KOHA)
Source of classification or shelving scheme
Koha item type წიგნი
ეგზემპლარები
Withdrawn status Lost status Source of classification or shelving scheme Damaged status Not for loan Permanent Location Current Location Shelving location Date acquired Cost, normal purchase price Full call number Barcode Date last seen Copy number Price effective from Koha item type Public note
          ბათუმის შოთა რუსთაველის სახელმწიფო უნივერსიტეტის მთავარი ბიბლიოთეკა ბათუმის შოთა რუსთაველის სახელმწიფო უნივერსიტეტის მთავარი ბიბლიოთეკა წიგნსაცავი 2024-04-11 350.00 616 E-50 67814 2024-04-11 67814 2024-04-11 წიგნი 350 ლ.